Duloc est un monde parfait - Shrek - paroles - Statistiques

Statistiques générales
  • Ce quiz a été pris 194 fois
  • Le résultat moyen est 40 sur 52
Statistiques - réponses
Paroles % Correct
Duloc,
99%
Duloc
99%
Duloc
99%
Duloc
99%
Duloc
99%
monde
99%
monde
99%
monde
99%
parfait !
99%
parfait !
99%
parfait !
99%
un
99%
un
99%
un
99%
est
97%
est,
97%
est,
97%
est
97%
ne
82%
Ne
82%
de
79%
de
79%
de
79%
le
76%
Pas
76%
pas
76%
pas
76%
pas
76%
te
74%
c'est
73%
Nez !
73%
on
72%
ton...
71%
Chez
69%
chez
69%
juge
69%
lave
69%
lave
69%
nous
68%
pieds,
68%
paix.
67%
tes
65%
en
64%
zig-zag.
62%
marche
61%
croque
49%
les
48%
blagues,
46%
Visitez
44%
vagues,
42%
saute
39%
talus,
33%
Aucun quiz correspondant
Distribution des résultats
% des personnes avec chaque résultat
Percentile par nombre de réponses
Votre historique - résultats
Vous n’avez pas pris ce quiz